| 000 | 00758nam a2200193 a 4500 | ||
|---|---|---|---|
| 008 | 061127s2006 ||||||||||||||||| || u | ||
| 050 | _aIBRD(08)PRWP/4031 | ||
| 100 | _aVan Ours, Jan C | ||
| 245 | 1 | 0 | _aDuration of unemployment benefit and quality of post-unemployment jobs |
| 246 | _aevidence from a natural experiment | ||
| 260 |
_aWashington, D. C. _bWorld Bank _c2006 |
||
| 300 | _a33p.;ill. | ||
| 350 | _a0.00 | ||
| 490 | _aWorld Bank policy research working papers | ||
| 650 | 0 | _aECONOMICS | |
| 650 | _aUNEMPLOYMENT BENEFITS--RESEARCH | ||
| 700 | _aVodopivec, Milan | ||
| 995 |
_D0.00 _FCBU-MAIN LIBRARY (Kitwe) _H1 _I0.00 _M1 _UAVAILABLE _WNov 27, 2006 _ZInternational Publications |
||
| 999 |
_c40529 _d40529 |
||